In-laws : (Record no. 5688)

MARC details
000 -LEADER
fixed length control field 01231cam a2200193 a 4500
020 ## - INTERNATIONAL STANDARD BOOK NUMBER
ISBN 0471129143 (cloth : alk. paper)
022 ## - INTERNATIONAL STANDARD SERIAL NUMBER
ISSN 9780471129141
050 00 - CALL NUMBER
Classification number RC488.5
Item number .H634
100 1# - AUTHOR
Personal name Horsley, Gloria Call.
245 10 - TITLE
Title In-laws :
Remainder of title a guide to extended-family therapy /
Statement of responsibility, etc Gloria Call Horsley.
260 ## - PUBLICATION INFORMATION
Place of publication New York :
Name of publisher Wiley,
Year of publication c1996.
300 ## - DESCRIPTION
Number of Pages xiii, 239 p. :
Other physical details ill. ;
Dimensions 24 cm.
440 #0 - SERIES
SERIES Wiley series in couples and family dynamics and treatment
500 ## - NOTES
General note Includes index
505 ## - FORMATTED CONTENTS NOTE
Table of Content 1. Providing Therapy to In-Laws --<br/>2. Becoming an In-Law --<br/>3. Developing Relationships: The Marriage and Beyond --<br/>4. Understanding Family Loyalties --<br/>5. Life-Cycle Changes: How In-Law Relationships Change through the Aging Process --<br/>6. Siblings-in-Law --<br/>7. Promoting In-Law Growth and Reauthoring to Mend In-Law Relationships --<br/>8. Therapeutic Interventions: Triangles and Transactional Analysis with In-Laws --<br/>9. The Broken Bond: Separation, Divorce, and Stepfamilies --<br/>10. Cultural Diversity and the In-Law Relationship --<br/>11. Financial and Legal Considerations of the In-Law Relationship --<br/>12. Pulling It All Together.
650 #0 - SUBJECTS
Topical Term Family psychotherapy.
650 #0 - SUBJECTS
Topical Term Parents-in-law.
942 ## - ADDED ENTRY ELEMENTS (KOHA)
Koha item type Books
Holdings
Withdrawn status Lost status Collection code Home library Current library Shelving location Date acquired Full call number Accession Number Koha item type
    Reference Methodist University Library Main Methodist University Library Main General Stacks 09/12/1999 RC488.5 .H634 11772 Books
    Reference Methodist University Library Main Methodist University Library Main General Stacks 09/12/1999 RC488.5 .H634 17255 Books
      Methodist University Library Main Methodist University Library Main General Stacks 09/12/1999 RC488.5 .H634 17256 Books
Copyright © 2026  MUG Library